| 000 | 01239nam a2200265 4500 | ||
|---|---|---|---|
| 003 | EG-GICUC | ||
| 005 | 20260407223047.0 | ||
| 008 | 260223t1968 ua|||||f |||| 00| 0 ara d | ||
| 040 |
_a EG-GICUC _c EG-GICUC _d EG-GICUC _erda |
||
| 082 | 0 | 4 |
_221 _a343.415 |
| 092 | 0 | 4 | _221 |
| 099 | _aLaw1 10 343.415 ف ك . ق 1968 | ||
| 100 | 0 | _aفكري أبوالخير | |
| 245 | 1 | 0 |
_aقانون الكسب غير المشروع الصادر بالقانون رقم 11لسنة 1968: _bمواد القانون معلقا عليها بالمذكرة الإيضاحية والتشريعات السابقة، مواد التشريعات المتعلقة بالكسب غير المشروع، اللائحة التنفيذية، نموذج إقرار الذمة المالية / _cفكري أبوالخير. |
| 264 |
_aالقاهرة: _bدار الفكر العربي; _c1968. |
||
| 300 |
_a صفحة _c24 سم |
||
| 336 |
_2rda content _atext |
||
| 337 |
_2rda media _aComputer |
||
| 338 |
_2rda carrier _aOnline Resource |
||
| 650 | 1 | 4 |
_aقانون العقوبات شأن الكسب غير المشروع _2qrmak |
| 651 | 1 | _2qrmak | |
| 856 | 4 | 0 | _uhttps://fll.law.cu.edu.eg/fulltext/bks/B10-08834.pdf |
| 905 |
_a17 _eYara |
||
| 942 |
_2ddc _n0 _cBK _e21 |
||
| 999 |
_c64024 _d64024 |
||